[Event "EU-Cup 38th"]
[Site "Durres"]
[Date "2023.10.02"]
[Round "2.5"]
[White "Dahdah, Nagib"]
[Black "Dafa, Sirio"]
[Result "1-0"]
[WhiteElo "2073"]
[BlackElo "1744"]
[PlyCount "71"]
[EventDate "2023.10.01"]
[EventType "team-swiss"]
[EventRounds "7"]
[EventCountry "ALB"]
[SourceTitle "CBM 216 Extra"]
[Source "ChessBase"]
[SourceDate "2023.11.30"]
[SourceVersion "1"]
[SourceVersionDate "2023.11.30"]
[SourceQuality "1"]
[WhiteTeam "Differdange"]
[BlackTeam "Partizani"]
[WhiteTeamCountry "LUX"]
[BlackTeamCountry "ALB"]

1. e4 e5 2. Nf3 Nc6 3. Bb5 a6 4. Ba4 Nge7 5. 0-0 g6 6. d4 exd4 7. Nxd4 Bg7 8. Be3 b5 9. Bb3 Na5 10. c3 0-0 11. f4 Nxb3 12. Qxb3 d6 13. Nd2 Kh8 14. f5 Ng8 15. fxg6 fxg6 16. Rxf8 Qxf8 17. Rf1 Qe8 18. Rf7 c5 19. Rxg7 Kxg7 20. Qd5 Bd7 21. Qxd6 Qe7 22. Qd5 Rf8 23. N4f3 Nf6 24. Qg5 Rc8 25. Qh4 h5 26. Bg5 Qe6 27. Qf4 Rc6 28. Bh6+ Kh8 29. Ne5 Rd6 30. Nxg6+ Kg8 31. Ne5 Kh7 32. Bf8 Ng4 33. Nxg4 Rxd2 34. Nf6+ Kg6 35. Qh6+ Kf7 36. Qg7# 1-0